2022 ATP Tour: All tournament winners - Statistics

General Stats
  • This quiz has been taken 276 times
    180 since last reset
  • The average score is 27 of 39
Answer Stats
Answer % Correct
Novak Djokovic
100%
Rafael Nadal
100%
Carlos Alcaraz
99%
Daniil Medvedev
98%
Andrey Rublev
95%
Casper Ruud
95%
Stefanos Tsitsipas
94%
Holger Rune
93%
Jannik Sinner
90%
Taylor Fritz
89%
Cameron Norrie
86%
Félix Auger-Aliassime
86%
Hubert Hurkacz
86%
Nick Kyrgios
86%
Matteo Berrettini
84%
Borna Ćorić
78%
Gaël Monfils
77%
Alexander Bublik
76%
Roberto Bautista Agut
75%
Alex de Minaur
74%
Pablo Carreño Busta
73%
David Goffin
72%
Lorenzo Musetti
72%
Francisco Cerúndolo
62%
Yoshihito Nishioka
62%
Lorenzo Sonego
55%
Thanasi Kokkinakis
55%
Aslan Karatsev
52%
João Sousa
51%
Reilly Opelka
51%
Sebastián Báez
50%
Brandon Nakashima
49%
Canada
47%
Adrian Mannarino
38%
Albert Ramos Viñolas
36%
Tim van Rijthoven
35%
Maxime Cressy
27%
Pedro Martínez
23%
Marc-Andrea Hüsler
17%
No matching quizzes found
Score Distribution
Percent of People with Each Score
Percentile by Number Answered
Your Score History
You have not taken this quiz since the last reset